|
|
|
|
| LEADER |
00000nam a2200000 a 4500 |
| 001 |
vtls012130093 |
| 003 |
SK-MaSNL |
| 005 |
20260426013625.0 |
| 008 |
220406s1758 xo 0 0n0 lat |
| 015 |
|
|
|a SNBHFA
|
| 040 |
|
|
|a SNKHF
|b slo
|c SNK
|e AACR2
|
| 041 |
0 |
|
|a lat
|
| 044 |
|
|
|a xo
|c SK
|
| 072 |
|
7 |
|a 101
|x Filozofia
|2 konspekt
|
| 080 |
|
|
|a 101
|2 2011
|
| 100 |
1 |
|
|a Revický, Anton,
|d 1713-1781
|4 aut
|9 187418
|
| 245 |
1 |
0 |
|a Assertiones Ex Universa Philosophia
|b Quas Sub Gratiosissimis Auspiciis Perillustris, Ac Generosi Domini, Domini Andreae Lipthay De Kiss - Falud, Inclyti Comitatus Poson. Processus inferioris Extranei Ordinarii Judicis Nobilium, &c. &c. Patrui Sui, Et Patroni Gratiosissimi. In Alma, ac Celeberrima Archi.Episc. Soc. jesu Universitate Tyrnaviensi Anno Salutis MDCCLVIII. Mense Augusto, die
|c publice propugnandas suscepit Rev. Praenob. ac Perdoct. Dom. Paulus Lipthay, de kiss-Falud, Coll. Gen. Cler. Reg. Hung. Alumnus, Archi-Dioeces. Strigon. Philos. in 2dum ann. Auditor ; Ex Praelectionibus A.R.P. Antonii Reviczky, e Soc. Jesu, AA. LL. & Philosophiae Doctoris, ejusdemque Professoris publici, Ordinarii. A.R.P. Joannis Kraicsirovics, e Soc. Jesu, AA. LL. & Philosophiae Doctoris, Juris Natural. & Ethices Prof. publici, Ordinarii. A.R.P. Nicolai benkő, e Soc. Jesu, AA. LL. & Philosophiae Doctoris, Matheseos Professoris publici, Ordinarii
|
| 260 |
|
|
|a [Trnava]
|b [Akademická tlačiareň]
|c Anno Salutis MDCCLVIII. [1758]
|
| 300 |
|
|
|a [8] s.
|c 21 cm
|
| 500 |
|
|
|a Ozdobná linka. Ozdobná iniciála. Zložky. Kustody
|
| 501 |
|
|
|a Prív. 1. k: KLOS, Pavol. Praxis Seu Forma Processualis. Tyrnaviae : Typis Academicis Societatis Jesu, 1756.
|5 SNK SC 14996/prív.1
|
| 508 |
|
|
|a Venovanie Pavla Liptaia mecenášovi Ondrejovi Liptaiovi
|
| 510 |
4 |
|
|a Petrik
|c V/428
|
| 550 |
|
|
|a Impresum podľa Petrika
|
| 650 |
0 |
7 |
|a filozofia
|2 SNKPH
|9 793
|
| 655 |
|
7 |
|a promočné tlače
|2 SNKPH
|9 73127
|
| 700 |
1 |
|
|a Krajcsirovics, Joannes
|4 aut
|9 513535
|
| 700 |
1 |
|
|a Benkő, Mikuláš,
|d 1724-1801
|4 aut
|9 443921
|
| 700 |
1 |
|
|a Liptai, Pavol
|4 dis
|4 dto
|9 722082
|
| 700 |
1 |
|
|a Liptai, Ondrej
|4 pat
|4 dte
|9 722083
|
| 710 |
2 |
|
|a Akademická tlačiareň (Trnava, Slovensko)
|4 prt
|9 232890
|
| 752 |
|
|
|a Slovensko
|d Trnava
|
| 852 |
|
|
|a snk
|p SC 14996/prív.1
|
| 958 |
|
|
|a DD
|
| 958 |
|
|
|a ONDV
|
| 999 |
|
|
|c 1128671
|d 1130601
|
| 952 |
|
|
|a SNK
|b SNK
|y PREZ
|7 0
|p 17A1484964
|o snkSC 149996/prív.1
|i snk2012/13027
|8 3
|0 0
|1 0
|4 0
|d 2022-04-06
|l 0
|r 2025-07-18 00:00:00
|w 2026-02-24
|